Polyméry s odtlačkom molekuly ako selektívne sorbenty pre extrakciu kumarínov
Salvato in:
| Autore principale: | |
|---|---|
| Altri autori: | |
| Natura: | Manoscritto Libro |
| Lingua: | slovacco |
| Pubblicazione: |
2015
|
| Soggetti: | |
| Accesso online: | http://is.stuba.sk/zp/portal_zp.pl?podrobnosti=101651 |
| Tags: |
Nessun Tag, puoi essere il primo ad aggiungerne!!
|
MARC
| LEADER | 00000ntm a22000003a 4500 | ||
|---|---|---|---|
| 001 | stuzp53053 | ||
| 003 | SK-STU | ||
| 005 | 20160719154350.1 | ||
| 007 | ta | ||
| 008 | 150427s2015----xo-----f-mn---000-0-slo-d | ||
| 040 | |a STU |b slo | ||
| 041 | 0 | |a slo | |
| 100 | 1 | |a Akbariová, Viktória |u 041180 |4 aut |U FCHPT Ústav analytickej chémie |T FCHPT Oddelenie analytickej chémie |X 61082 |U C1180 |Y 108 |7 61082 | |
| 242 | 0 | 1 | |a Molecularly imprinted polymers as selective sorbents for extraction of coumarins |y eng |
| 245 | 1 | 0 | |a Polyméry s odtlačkom molekuly ako selektívne sorbenty pre extrakciu kumarínov |
| 260 | |c 2015 | ||
| 650 | 4 | |a kumaríny |2 slo | |
| 650 | 4 | |a polymér s odtlačkom molekuly |2 slo | |
| 650 | 4 | |a extrakcia tuhou fázou |2 slo | |
| 650 | 4 | |a coumarins |2 eng | |
| 650 | 4 | |a solid-phase extraction |2 eng | |
| 650 | 4 | |a molecularly imprinted polymer |2 eng | |
| 700 | 1 | |a Hroboňová, Katarína |4 ths |X 3931 |7 A000003931 | |
| 856 | 4 | |u http://is.stuba.sk/zp/portal_zp.pl?podrobnosti=101651 | |
| SQL | |a stuzp53053 |b DBP |c SLO |d Polyméry s odtlačkom molekuly ako selektívne sorbenty pre extrakciu kumarínov |e 61082 |f Akbariová, Viktória |g 041180 |h 3931 |i Hroboňová, Katarína |j 20150713 |k 753 |l 04 |m http://is.stuba.sk/zp/portal_zp.pl?podrobnosti=101651 |n B-CHEMAT |o 4.1.14. chémia, 5.2.18. chemické technológie | ||